000 00442nam a2200181Ia 4500
001 14075
005 20260306164847.0
008 260306t2023||||xx |||||||||||||| ||spa||
041 _aESP
082 _a006.31
_bS741
100 _aShah, Chirag,
_eAUT
245 2 _aA hands-on introduction to machine learning
260 _c2023
300 _axxii, 412 páginas :
_c26 cm.
650 _aGEN
654 _aCCC
942 _cLIB
_dJUS
_fJUS
_2ddc
_n
999 _c14075
_d14075